The vanishing race and other illusions : photographs of Indians by Edward S. Curtis /

Bibliographic Details
Main Author: Lyman, Christopher M.
Corporate Author: Smithsonian Institution
Other Authors: Curtis, Edward S., 1868-1952
Format: Book
Language:English
Published: New York : Pantheon Books in association with the Smithsonian Institution Press, [1982]
Edition:1st ed.
Subjects:

MARC

Tag First Indicator Second Indicator Subfields
LEADER 00000pam a2200000 a 4500
001 in00000087016
005 20151008064701.0
008 811209s1982 nyua bc 00110 eng
010 |a  81022337  
020 |a 0394710290 :  |c $12.95 
035 |a (OCoLC)08052586 
035 |9 AAK4619AM 
039 0 |a 2  |b 3  |c 3  |d 3  |e 3 
040 |a DLC  |c DLC  |d TXA  |d UtOrBLW 
043 |a n-us--- 
049 |a TXAM  |c [1362056] 
050 0 0 |a E77.5  |b .L95 1982b 
082 0 |a 970.004/97/0222  |2 19 
100 1 |a Lyman, Christopher M. 
245 1 4 |a The vanishing race and other illusions :  |b photographs of Indians by Edward S. Curtis /  |c by Christopher M. Lyman ; introduction by Vine Deloria. 
250 |a 1st ed. 
264 1 |a New York :  |b Pantheon Books in association with the Smithsonian Institution Press,  |c [1982] 
264 4 |c ©1982 
300 |a 158 pages :  |b illustrations ;  |c 22 x 28 cm. 
336 |a text  |b txt  |2 rdacontent 
337 |a unmediated  |b n  |2 rdamedia 
338 |a volume  |b nc  |2 rdacarrier 
500 |a "Issued in conjunction with a traveling exhibition held Mar. 2-Apr. 15, 1982 at the Smithsonian Institution, Washington, D.C. and others"--Title page verso. 
500 |a Includes index. 
504 |a Bibliography: pages 155-156. 
650 0 |a Indians of North America  |v Pictorial works  |v Exhibitions. 
700 1 |a Curtis, Edward S.,  |d 1868-1952. 
710 2 |a Smithsonian Institution. 
999 |a MARS 
999 f f |s 77ea25d9-877d-36d7-85a8-8ef93b597fd1  |i 443ab6d9-0cf2-3c8f-866c-adcdf5445be4  |t 0 
952 f f |p normal  |a Texas A&M University  |b College Station  |c Sterling C. Evans Library  |d Evans: Library Stacks  |t 0  |e E77.5 .L95 1982b  |h Library of Congress classification  |i unmediated -- volume  |m A14806103976 
998 f f |a E77.5 .L95 1982b  |t 0  |l Evans: Library Stacks